01456nam a2200241Ia 450000500170000000800410001702000340005805000220009210000290011424000350014324500710017825000110024926000360026030000190029633600100031533700150032533800120034050000460035250400420039850507140044065000280115470000320118220231102151514.0121101t19881990mx f 000 0 spa d a9684224400 (Obra completa)  aHG4026 W4518 198810aWeston, John FredeAutor aManagerial financelEspañol 10aFinanzas en administraciónc/ J. Fred weston, Thomas e. copeland a8a ed. aMéxico : bMcGraw Hill,c1988 a1094 páginas aTexto aSin medio  aVolumen aTraduccion de: Managerial finance. 8th ed aIncluye referencias bibliográficas. aContenido Conceptos fundamentales de las finanzas en administración Función financiera Estados financieros Ambiente financiero Ambiente fiscal La dimension del tiempo en las decisiones financieras El valor del dinero a traves del tiempo Técnicas del presupuesto capital Forma en la que el mercado determina las tasa de interes Analisis financiero, planeación y control Analisis de razones financieras Planeación y control financiero Pronostico financiero Administración del capital de trabajo Toma de decisiones en condiciones de incertidumbre Costo de capital y valuación El punto de vista del tesorero decisiones de política Temas interrelacionados de finanzas administrativas 14aCORPORACIONESxFINANZAS10aCopeland, Thomas E.eCoaut.